Largest Islands of Australia - Statistics

General Stats
  • This quiz has been taken 278 times
  • The average score is 3 of 9
Answer Stats
State Area Answer % Correct
Tasmania 64,519 km2 Tasmania
94%
South Australia 4,416 km2 Kangaroo Island
52%
Queensland 1,653 km2 Fraser Island
35%
Tasmania 1,091 km2 King Island
22%
Tasmania 1,359 km2 Flinders Island
16%
Northern Territory 5,786 km2 Melville Island
15%
Northern Territory 2,285 km2 Groote Eylandt
13%
Northern Territory 1,693 km2 Bathurst Island
8%
Queensland 1,002 km2 Mornington Island
6%
No matching quizzes found
Score Distribution
Percent of People with Each Score
Percentile by Number Answered
Your Score History
You have not taken this quiz